000 00644nam a2200193 i 4500
001 9931
003 ES-MaACL
005 20230906145804.0
007 t|
008 920504s1993 sp ||||1| spa d
020 _a84-260-2833-0
080 _a330.534(46)
245 0 0 _aContabilidad nacional de España
_b: base 1986 : serie contable 1987-1992 y tabla input-output 1989 /
_cInstituto Nacional de Estadística.
260 _aMadrid :
_bINE,
_c1993.
300 _a564 p. ;
_c30 cm.
650 4 _aContabilidad nacional-
_zEspaña.
_911312
710 2 _aInstituto Nacional de Estadística (España)
_95162
852 _aES-MaACL
_jL-17466
_bR.122581
999 _c9931
_d9931